| 000 | 00830cab a2200241 4500 | ||
|---|---|---|---|
| 001 | WB2504-32 | ||
| 008 | 090401t1989 xxu||||| |||| 00| 0 eng d | ||
| 035 | _a(Sirsi) u42192 | ||
| 041 | _aeng | ||
| 245 | _aReform of the legal profession | ||
| 260 | _c1989 | ||
| 350 | _a0 | ||
| 490 |
_aFinancial Times _v26/1/89 p6 |
||
| 520 | _aReviews the sweeping law reforms proposed by the Lord Chancellor in three green papers, including reform of the conveyancing process which, if implemented, will allow banks and building societies to offer a "one-stop" housebuying service. | ||
| 650 | _aBARRISTERS | ||
| 650 | _aESTATE AGENCY | ||
| 650 | _aFEES | ||
| 650 | _aMULTI DISCIPLINARY PRACTICES | ||
| 650 | _aSOLICITORS | ||
| 690 | _aMANAGEMENT-BUSINESS MANAGEMENT-PROFESSIONAL PRACTICE | ||
| 942 | _n0 | ||
| 948 | _c04/03/1997 | ||
| 999 |
_c27105 _d27105 |
||